| 000 | 00806nam a2200229 a 4500 | ||
|---|---|---|---|
| 001 | BRCA_3036 | ||
| 005 | 20190320204059.0 | ||
| 008 | 950426s1994 mx-#---##b---#000-0#spa-# | ||
| 020 | _a968164381X | ||
| 040 |
_aDLC _cDLC _dDLC |
||
| 050 | 4 |
_aF1219.3.M4 _b.C67 1994 |
|
| 100 | 1 |
_aCorcuera de Mancera, Sonia _96589 |
|
| 245 | 1 | 0 |
_aDel amor al temor _bborrachez, catequesis y control en la Nueva España, 1555-1771 _cSonia Corcuera de Mancera. |
| 260 |
_aMéxico _bFondo de Cultura Económica _c1994 |
||
| 300 |
_a283 p. _c22 cm. |
||
| 440 | 0 |
_aSección de obras de historia _98338 |
|
| 504 | _aBibliografía: p. 265-279 | ||
| 610 | 2 | 4 |
_aIglesia católica _xMisiones _zMéxico _98339 |
| 650 | 1 | 4 |
_aIndígenas de México _xMisiones _9864 |
| 650 | 1 | 4 |
_aIndígenas de México _xUso de alcohol _98340 |
| 942 |
_2lcc _cB |
||
| 999 |
_c2772 _d2772 |
||